París a sangre y fuego (Record no. 106376)

MARC details
000 -LEADER
campo de control de longitud fija 01036nam a2200265 i 4500
001 - NÚMERO DE CONTROL
campo de control 106376
003 - IDENTIFICADOR DE NÚMERO DE CONTROL
campo de control ES-MaACL
005 - FECHA Y HORA DE LA ÚLTIMA TRANSACCIÓN
campo de control 20250820063041.0
007 - CAMPO FIJO DE DESCRIPCIÓN FÍSICA--INFORMACIÓN GENERAL
campo de control de longitud fija t|
008 - DATOS DE LONGITUD FIJA--INFORMACIÓN GENERAL
campo de control de longitud fija 061103s1979 sp ||||1| spa d
020 ## - NÚMERO INTERNACIONAL ESTÁNDAR DEL LIBRO
Número Internacional Estándar del Libro 84-85354-32-X
080 ## - NÚMERO DE LA CLASIFICACIÓN DECIMAL UNIVERSAL
Número de la Clasificación Decimal Universal 94(443.61 P.)"1871"
100 0# - ENTRADA PRINCIPAL--NOMBRE DE PERSONA
Nombre de persona Carreras y Lastortras, Luis,
Fechas asociadas al nombre 1840-1888
9 (RLIN) 35690
245 10 - MENCIÓN DEL TÍTULO
Título París a sangre y fuego
Resto del título : jornadas de la Comuna /
Mención de responsabilidad, etc. por Luis Carreras ; prólogo de Josep-Eduard Adsuar.
260 ## - PUBLICACIÓN, DISTRIBUCIÓN, ETC.
Lugar de publicación, distribución, etc. Barcelona :
Nombre del editor, distribuidor, etc. José J. de Olañeta,
Fecha de publicación, distribución, etc. 1979.
300 ## - DESCRIPCIÓN FÍSICA
Extensión 62 p. :
Otras características físicas il. ;
Dimensiones 22 cm.
490 1# - MENCIÓN DE SERIE
Mención de serie Pequeña biblioteca calamvs scriptorivs ;
Designación de volumen o secuencia 36
500 ## - NOTA GENERAL
Nota general Contiene reproducción facsímil de la ed. de: Barcelona : Librería Española de I. López, 1871.
500 ## - NOTA GENERAL
Nota general Biblioteca Jacinto Martínez Lacalle.
651 #4 - PUNTO DE ACCESO ADICIONAL DE MATERIA--NOMBRE GEOGRÁFICO
Nombre geográfico París-
Subdivisión general Historia-
Subdivisión cronológica 1871, Comuna.
9 (RLIN) 9212
700 1# - ENTRADA AGREGADA--NOMBRE PERSONAL
Nombre de persona Adsuar, Josep-Eduard.
9 (RLIN) 18490
830 0# - PUNTO DE ACCESO ADICIONAL DE SERIE-TÍTULO UNIFORME
Título uniforme Pequeña biblioteca calamvs scriptorivs ;
Designación de volumen o secuencia 36
9 (RLIN) 182965
852 ## - LOCALIZACIÓN
Ubicación ES-MaACL
Número de control de estantería E-11368
Sublocalización o colección R.138999
Holdings
Estatus retirado Estado de pérdida Estado de daño No para préstamo Biblioteca de origen Biblioteca actual Ubicación en estantería Fecha de adquisición Fuente de adquisición Total de préstamos Signatura topográfica completa Código de barras Visto por última vez Precio de reemplazo Tipo de ítem Koha
        Biblioteca del Ateneo de Madrid Biblioteca del Ateneo de Madrid Depósito 2 17/01/2008     E-11368 1111045 23/02/2023 23/02/2023 Libro impreso